| 000 | 00500nam a2200157Ia 4500 | ||
|---|---|---|---|
| 005 | 20250603144703.0 | ||
| 008 | 250603s9999 xx 000 0 und d | ||
| 020 | _a087475 | ||
| 050 | _aTT 9 .C65/ | ||
| 245 | 0 | _aComplete handyman do-it-yourself encyclopedia : a compilation of special interest projects and manuals for the repair and care of homes, autos, appliances, hobby equipment | |
| 260 | _aNew York | ||
| 260 | _bH. S. Stuttman Co. | ||
| 260 | _c1975 | ||
| 650 | _aNew York | ||
| 942 | _cBK | ||
| 999 |
_c39655 _d39655 |
||